[Event "Wilhelm Werner Memorial-M 31st"]
[Site "Bockenem"]
[Date "2006.05.24"]
[Round "1"]
[White "Loehnhardt, Benjamin"]
[Black "Bode, Wilfried"]
[Result "0-1"]
[WhiteElo "2021"]
[BlackElo "2277"]
[PlyCount "81"]
[EventDate "2006.05.??"]
[EventType "tourn"]
[EventRounds "7"]
[EventCountry "GER"]
[SourceTitle "EXT 2008"]
[Source "ChessBase"]
[SourceDate "2007.11.25"]
[SourceVersion "1"]
[SourceVersionDate "2007.11.25"]
[SourceQuality "1"]

1. e4 c5 2. Nf3 e6 3. d4 cxd4 4. Nxd4 Nf6 5. Nc3 d6 6. Be3 Be7 7. Bd3 0-0 8. 0-0 Nc6 9. f4 e5 10. Nf3 Ng4 11. Qe2 Nxe3 12. Qxe3 exf4 13. Qxf4 Bf6 14. Nd5 Bxb2 15. Rab1 Be5 16. Nxe5 Nxe5 17. Qg3 b6 18. Rf4 Ng6 19. Rf5 Be6 20. Rbf1 Bxd5 21. exd5 Ne5 22. Be4 Qe7 23. Qh3 g6 24. R5f4 f5 25. Bd3 Rac8 26. Qg3 Kh8 27. h4 Rfe8 28. h5 Nxd3 29. Qxd3 Qe3+ 30. Qxe3 Rxe3 31. hxg6 hxg6 32. g4 Rg3+ 33. Kh2 Rxg4 34. Rxg4 fxg4 35. Rf2 Kg7 36. Kg3 Rc4 37. Re2 Kf6 38. Re6+ Kf5 39. Rxd6 Rc3+ 40. Kf2 Rxc2+ 41. Kg3 0-1

[Event "Wilhelm Werner Memorial-H 30th"]
[Site "Bockenem"]
[Date "2005.05.07"]
[Round "5"]
[White "Loehnhardt, Benjamin"]
[Black "Gutzmann, Tobias"]
[Result "0-1"]
[WhiteElo "2036"]
[BlackElo "2019"]
[PlyCount "124"]
[EventDate "2005.05.??"]
[EventType "swiss"]
[EventRounds "7"]
[EventCountry "GER"]
[SourceTitle "EXT 2008"]
[Source "ChessBase"]
[SourceDate "2007.11.25"]
[SourceVersion "1"]
[SourceVersionDate "2007.11.25"]
[SourceQuality "1"]

1. d4 Nf6 2. Bg5 Ne4 3. Bh4 c5 4. Nd2 Nxd2 5. Qxd2 cxd4 6. Nf3 Qb6 7. Qxd4 Qg6 8. e3 Nc6 9. Qa4 e6 10. 0-0-0 f6 11. Bd3 Qh5 12. e4 Qc5 13. Bb5 a6 14. Bxc6 bxc6 15. Rd3 Rb8 16. e5 Rb4 17. Qa3 fxe5 18. c3 Qb5 19. cxb4 e4 20. Re3 exf3 21. Rxf3 Qc4+ 22. Qc3 Qxh4 23. a3 Qg5+ 24. Kb1 Be7 25. g3 Bf6 26. Qd3 c5 27. Rc1 Qe5 28. Qb3 Qe4+ 29. Ka1 c4 30. Rxc4 Qe1+ 31. Ka2 Bb7 32. Rd3 Bd5 33. Rxd5 exd5 34. Rc8+ Bd8 35. Qxd5 Qe6 36. Qxe6+ dxe6 37. Rc6 Rf8 38. f4 a5 39. Rxe6+ Kd7 40. Re4 axb4 41. Rd4+ Kc6 42. Rc4+ Kd6 43. Rd4+ Kc5 44. Rxb4 Bf6 45. Re4 Rd8 46. b4+ Kd5 47. Re2 Kc4 48. Kb1 Kb3 49. Kc1 Kxa3 50. b5 Rb8 51. Kd2 Kb4 52. g4 Kxb5 53. g5 Rd8+ 54. Ke1 Bc3+ 55. Kf2 Rd2 56. Rxd2 Bxd2 57. Kf3 Kc5 58. Kg4 Kd5 59. f5 Ke5 60. h4 Bc3 61. h5 Bb2 62. h6 g6 0-1

[Event "Wilhelm Werner Memorial-H 30th"]
[Site "Bockenem"]
[Date "2005.05.04"]
[Round "1"]
[White "Loehnhardt, Benjamin"]
[Black "Guede, Klaus"]
[Result "1-0"]
[WhiteElo "2036"]
[BlackElo "1702"]
[PlyCount "83"]
[EventDate "2005.05.??"]
[EventType "swiss"]
[EventRounds "7"]
[EventCountry "GER"]
[SourceTitle "EXT 2008"]
[Source "ChessBase"]
[SourceDate "2007.11.25"]
[SourceVersion "1"]
[SourceVersionDate "2007.11.25"]
[SourceQuality "1"]

1. e4 Nf6 2. e5 Nd5 3. d4 d6 4. Nf3 dxe5 5. Nxe5 Nd7 6. Nxf7 Kxf7 7. Qh5+ Ke6 8. c4 N5f6 9. d5+ Kd6 10. Qf7 Nb6 11. Bf4+ Kd7 12. Nc3 Qe8 13. Qe6+ Kd8 14. Qe5 Qd7 15. Nb5 Ne8 16. 0-0-0 Qf5 17. Qe3 g5 18. Bxg5 h6 19. Bh4 Qg4 20. Rd4 Qg7 21. d6 cxd6 22. c5 Bd7 23. cxb6 Rc8+ 24. Rc4 Rxc4+ 25. Bxc4 Qg4 26. bxa7 Qxc4+ 27. Qc3 Qa4 28. Qa3 Qxa3 29. bxa3 Bxb5 30. a8Q+ Kd7 31. Qxb7+ Nc7 32. Qe4 Bc6 33. Qf5+ e6 34. Qf7+ Kc8 35. Kd2 d5 36. Rc1 Kb7 37. Bd8 Bd6 38. Bxc7 Bxc7 39. Rb1+ Kc8 40. Qxe6+ Bd7 41. Qa6+ Kd8 42. Qf6+ 1-0